000 01132cam a22003613a 4500
001 16382138
003 OSt
005 20140310182226.0
008 940322s1994 nyu j 000 1 eng d
010 _a 98809802
015 _aGB94-76476
020 _a0553481045 (pbk.) :
_c$3.25
020 _a0553407562 (pbk) :
035 _a(OCoLC)ocm29998578
040 _aOCO
_cOCO
_dSLC
_dUKM
_dDLC
050 0 0 _aPZ 7
_b.Su968s78 1994
082 0 4 _aFIC
_bSu9sv #78
100 1 _aSuzanne, Jamie.
_94455
245 1 0 _aSteven the zombie /
_cwritten by Jamie Suzanne ; created by Francine Pascal.
260 _aNew York :
_bBantam Books,
_cc1994.
300 _a139 p. ;
_c20 cm.
490 1 _aSweet Valley twins and friends ;
_v#78
650 _aFiction
_9746
653 0 _aEnglish fiction
653 0 _aUnited States
655 7 _aYoung adult fiction.
_2lcsh
_93735
700 1 _aPascal, Francine.
_93767
710 2 _aCopyright Paperback Collection (Library of Congress)
_5DLC
_9705
830 0 _aSweet Valley twins ;
_v78.
_917675
906 _a7
_bcbc
_ccopycat
_d2
_encip
_f19
_gy-genrareb
942 _2lcc
_cBK-FIC
999 _c10807
_d10807